00530nam a22001697a 4500003000400000005001700004008002000021020003800041040000800079082002700087100002400114245007500138260003500213300004300248650004000291650002900331KPN20250605153652.0250605b 00| 0 eng d a9789671346501cRM34.90qpaperback cKPN 223a741.59595 JIA 2015 aJian, Goh, eauthor aOnce Upon a MiaobStories from the Other Side of Malaysiacby Jian Goh aMalaysiabGoh Kheng Sweec2015 a189 pagesbcolour illustrationsc21 cm 2Comic books, strips, etc.zMalaysia 2Comic books and children